Thermodynamique (Record no. 162365)
[ view plain ]
| 000 -LEADER | |
|---|---|
| campo de control de longitud fija | 00919nam a22002175i 4500 |
| 001 - NÚMERO DE CONTROL | |
| campo de control | 162365 |
| 003 - IDENTIFICADOR DE NÚMERO DE CONTROL | |
| campo de control | ES-MaACL |
| 005 - FECHA Y HORA DE LA ÚLTIMA TRANSACCIÓN | |
| campo de control | 20230906212515.0 |
| 008 - DATOS DE LONGITUD FIJA--INFORMACIÓN GENERAL | |
| campo de control de longitud fija | 041108s1892 fr |||| | fre d |
| 040 ## - FUENTE DE CATALOGACIÓN | |
| Centro catalogador/agencia de origen | CAM |
| Lengua de catalogación | spa |
| Centro/agencia transcriptor | CAM |
| 100 1# - ENTRADA PRINCIPAL--NOMBRE DE PERSONA | |
| Nombre de persona | Poincaré, Henri. |
| 9 (RLIN) | 92751 |
| 245 10 - MENCIÓN DEL TÍTULO | |
| Título | Thermodynamique |
| Resto del título | : leçons professées pendant le premier semestre 1888-1889 / |
| Mención de responsabilidad, etc. | par H. Poincaré ; rédigées par J. Blondin. |
| 260 ## - PUBLICACIÓN, DISTRIBUCIÓN, ETC. | |
| Lugar de publicación, distribución, etc. | Paris : |
| Nombre del editor, distribuidor, etc. | Gauthier-Villars, imprimeur-libraire, |
| Fecha de publicación, distribución, etc. | 1892 ( |
| Lugar de fabricación/manufactura | Tours : |
| Fabricante | Imprimerie Deslis Frères) |
| 300 ## - DESCRIPCIÓN FÍSICA | |
| Extensión | XIX, 432 p. ; |
| Dimensiones | 25 cm. |
| 490 1# - MENCIÓN DE SERIE | |
| Mención de serie | Cours de la Faculté des Sciences de Paris. Cours de physique mathématique |
| 650 #4 - PUNTO DE ACCESO ADICIONAL DE MATERIA--TÉRMINO DE MATERIA | |
| Término de materia o nombre geográfico como elemento de entrada | Termodinámica. |
| 9 (RLIN) | 17486 |
| 700 1# - ENTRADA AGREGADA--NOMBRE PERSONAL | |
| Nombre de persona | Blondin, Jules. |
| 9 (RLIN) | 29551 |
| 830 0# - PUNTO DE ACCESO ADICIONAL DE SERIE-TÍTULO UNIFORME | |
| Título uniforme | Cours de la Faculté des Sciences de Paris. Cours de physique mathématique |
| 9 (RLIN) | 188390 |
| 852 ## - LOCALIZACIÓN | |
| Ubicación | ES-MaACL |
| Número de control de estantería | G-6287 |
| Nota libre | -- Enc. hol., conservando la cub. original |
| Estatus retirado | Estado de pérdida | Estado de daño | No para préstamo | Colección | Biblioteca de origen | Biblioteca actual | Ubicación en estantería | Fecha de adquisición | Fuente de adquisición | Total de préstamos | Signatura topográfica completa | Código de barras | Visto por última vez | Precio de reemplazo | Tipo de ítem Koha |
|---|---|---|---|---|---|---|---|---|---|---|---|---|---|---|---|
| Libros del s. XIX | Biblioteca del Ateneo de Madrid | Biblioteca del Ateneo de Madrid | Depósito 2 | 17/01/2008 | G-6287 | 1170100 | 23/02/2023 | 23/02/2023 | Libro impreso antiguo |
